Sports Quiz

Random Sports or World Cup Quiz

US Women's National Soccer Team Quiz Stats

 Plays Quiz not verified by Sporcle

Challenge
Share
Tweet
Embed
Score 0/21 Timer 12:00
0 Plays Today
Position Player % Correct
GKHope Solo
99%
FAbby Wambach
90.5%
FAlex Morgan
90.3%
MCarli Lloyd
75.5%
D Christie Rampone
74.8%
MMegan Rapinoe
74.7%
MTobin Heath
74.5%
MShannon Boxx
71.3%
DAli Krieger
65.2%
FAmy Rodriguez
64.5%
FKelley O'Hara
64.1%
Position Player % Correct
MHeather O'Reilly
63.4%
FLauren Cheney
62.3%
DHeather Mitts
57.2%
DBecky Sauerbrunn
55.1%
GKNicole Barnhart
52.7%
DRachel Buehler
50.6%
DAmy LePeilbet
47%
GKJill Loyden
44.5%
MLori Lindsey
40.5%
DStephanie Cox
36.9%

You're not logged in!

Compare scores with friends on all Sporcle quizzes.
OR
Log In

You Might Also Like...

Show Comments

Extras

Top Quizzes Today


Score Distribution

Your Account Isn't Verified!

In order to create a playlist on Sporcle, you need to verify the email address you used during registration. Go to your Sporcle Settings to finish the process.

Report this User

Report this user for behavior that violates our Community Guidelines.

Details: